| 000 | 00739nam a2200217 i 4500 | ||
|---|---|---|---|
| 001 | 101527 | ||
| 003 | ES-MaACL | ||
| 005 | 20240221063029.0 | ||
| 007 | t| | ||
| 008 | 051020s1973 sp ||||1| spa d | ||
| 040 | _cES-MaACL | ||
| 100 | 1 |
_aMedina, Miguel Ángel, _979708 _d1953- _eaut |
|
| 245 | 1 | 3 |
_aLa corona del vagabundo ; Los últimos días de Jauja : _bdos farsas (o cuentos trágicos para ser representados) / _pMiguel Ángel Medina |
| 260 |
_aBarcelona : _bLa Mano en el Cajón, _c1973 |
||
| 300 |
_a58 páginas ; _c21 cm. |
||
| 740 | 4 | 2 | _aLos últimos días de Jauja |
| 852 |
_aES-MaACL _jC-55259 _bR.88039 _cDEPO2 |
||
| 942 |
_cMONOGRAFIA _n0 |
||
| 999 |
_c101527 _d101527 |
||